000 00824nam a22002532 4500
001 0000021142
005 20151217155231.0
008 120116s xx 000 0 eng d
020 _a0761935971 :
040 _aKABU
_cKABU
100 1 _aSingh, Katar.
_@0000155185
245 1 0 _aEnvironmental economics :
_btheory and applications /
_cKatar Singh, Anil Shishodia.
250 _a1st ed.
260 _aNew Delhi :
_bSage,
_c2007.
300 _a423 p.
650 0 _aEnvironmental economics.
_@0000150102
650 0 _aEnvironmental policy.
_@0000149751
650 0 _aEnvironmental management.
_@0000149753
650 0 _aNatural resources
_xManagement.
_@0000151040
700 1 _aShishodia, Anil.
_@0000181860
852 1 _9p2428.65 KES
908 _a120116
950 _@1
999 _c12169
_d12169